000 00888nam a2200241Ia 4500
003 OSt
005 20221005113013.0
006 a|||||r|||| 00| 0
007 ta
008 221004b |||||||| |||| 00| 0 pan d
020 _a9788123770307 (hbk)
_c175
024 _a12386
037 _b823, 13/03/2014, H.K. Prakashan
_cTextual
040 _aCRL
_cCRL
_bpan
041 _2pan
_apan
082 _aV243:51, 153Q4
100 _aਅੱਦਰਵਾਲ, ਜਰਨੈਲ ਸਿੰਘ
245 0 _aਭਾਰਤ ਦੀ ਆਗ਼ਾਦੀ ਵਿੱਚ ਪੰਜਾਬ ਦਾ ਹਿੱਸਾ
260 _aਦਿੱਲੀ
_bਨੈFਨਲ ਬੁਕ ਟਰੱਸਟ ਭਾਰਤ
_c2014
300 _a207ਪੰ
_ccm.
942 _hV243:51, 153Q4
_cTEXL
_2cc
999 _c1026717
_d1026717